[Event "Benidorm op U2000 17th"]
[Site "Benidorm"]
[Date "2018.12.03"]
[Round "4"]
[White "Vilanova Guardiola, Josep Maria"]
[Black "Belchev, Emil"]
[Result "0-1"]
[WhiteElo "1764"]
[BlackElo "1957"]
[PlyCount "123"]
[EventDate "2018.11.30"]
[EventType "swiss"]
[EventRounds "10"]
[EventCountry "ESP"]
[SourceTitle "EXT 2022"]
[Source "ChessBase"]
[SourceDate "2021.10.06"]
[SourceVersion "1"]
[SourceVersionDate "2021.10.06"]
[SourceQuality "1"]

1. d4 Nf6 2. c4 g6 3. Nc3 Bg7 4. e4 d6 5. Bg5 c5 6. d5 Na6 7. Nge2 h6 8. Bd2 0-0 9. Ng3 e6 10. Be2 exd5 11. exd5 Re8 12. 0-0 h5 13. Bg5 Qb6 14. Qd2 Bg4 15. Rae1 Bxe2 16. Rxe2 Rxe2 17. Ngxe2 Re8 18. Ng3 Qb4 19. Bxf6 Bxf6 20. Nge4 Be5 21. f4 Bd4+ 22. Kh1 Qxc4 23. Re1 Bxc3 24. Nf6+ Bxf6 25. Rxe8+ Kg7 26. Qe1 Nb4 27. h3 Qxd5 28. Rb8 Nc6 29. Rxb7 Qxa2 30. Qe8 Qd5 31. Rc7 Qd1+ 32. Kh2 Ne5 33. Rc8 Kh6 34. Qf8+ Bg7 35. Qe7 Qe2 36. Qg5+ Kh7 37. Qg3 Nd3 38. Rc7 Nxf4 39. Rxf7 Nd3 40. Rxa7 Qe5 41. Qxe5 Nxe5 42. Rb7 g5 43. Kg3 Kg6 44. Rb6 Nc4 45. Ra6 Bxb2 46. Kf3 Kf5 47. Ra8 g4+ 48. hxg4+ hxg4+ 49. Kg3 Be5+ 50. Kf2 g3+ 51. Kf3 d5 52. Rc8 Nd2+ 53. Ke2 Ne4 54. Rf8+ Ke6 55. Kd3 c4+ 56. Ke3 Nd6 57. Ra8 d4+ 58. Kd2 Kd5 59. Ra5+ Ke4 60. Rc5 d3 61. Ra5 c3+ 62. Ke1 0-1